000 01232cam a2200397 i 4500
005 20260322212021.0
008 data
010 _a 2014466059
020 _a9781465421012 (ALB)
020 _a9781465420596 (pbk.)
020 _a1465420592
040 _aDLC
_beng
_erda
_cDLC
_dDLC
042 _apcc
050 0 0 _aD743.7
_b.A23 2014
082 0 0 _a940.54
_223
092 _a940.53 Ada 2014
100 1 _aAdams, Simon,
_d1955-
245 1 0 _aWorld War II /
_cSimon Adams & Andy Crawford.
246 3 0 _aEyewitness World War II
246 3 _aWorld War Two
246 3 _aWorld War 2
250 _aAmerican edition.
260 _aNew York, New York :
_bDK,
_c2014.
264 1 _aNew York :
_bDK Publishing,
_c2014.
300 _a72 pages :
_billustrations, maps ;
_c29 cm.
336 _atext
_btxt
_2rdacontent
337 _aunmediated
_bn
_2rdamedia
338 _avolume
_bnc
_2rdacarrier
490 0 _aEyewitness books
490 0 _aDK Eyewitness books
500 _a"Explore the terrifying global conflict that shaped the modern world - from D-Day to the atomic bomb"--Cover.
500 _aIncludes index.
650 0 _aWorld War, 1939-1945
_vJuvenile literature.
700 1 _aCrawford, Andy,
_eillustrator.
001 data
999 _c471
_d471